Publicidad comercial : (Record no. 130245)
[ view plain ]
| 000 -LEADER | |
|---|---|
| campo de control de longitud fija | 00799nam a2200241 i 4500 |
| 001 - NÚMERO DE CONTROL | |
| campo de control | 130245 |
| 003 - IDENTIFICADOR DE NÚMERO DE CONTROL | |
| campo de control | ES-MaACL |
| 005 - FECHA Y HORA DE LA ÚLTIMA TRANSACCIÓN | |
| campo de control | 20250903063106.0 |
| 007 - CAMPO FIJO DE DESCRIPCIÓN FÍSICA--INFORMACIÓN GENERAL | |
| campo de control de longitud fija | t| |
| 008 - DATOS DE LONGITUD FIJA--INFORMACIÓN GENERAL | |
| campo de control de longitud fija | 070724e1947 ag |r 00110|spa |
| 040 ## - FUENTE DE CATALOGACIÓN | |
| Centro/agencia transcriptor | ES-MaACL |
| 080 ## - NÚMERO DE LA CLASIFICACIÓN DECIMAL UNIVERSAL | |
| Número de la Clasificación Decimal Universal | 659.1:351.824.5 |
| 080 ## - NÚMERO DE LA CLASIFICACIÓN DECIMAL UNIVERSAL | |
| Número de la Clasificación Decimal Universal | 351.824.5:659.1 |
| 100 1# - ENTRADA PRINCIPAL--NOMBRE DE PERSONA | |
| Nombre de persona | Zavala Rodríguez, Carlos Juan, |
| 9 (RLIN) | 117791 |
| Fechas asociadas al nombre | 1906-1988 |
| 245 10 - MENCIÓN DEL TÍTULO | |
| Título | Publicidad comercial : |
| Resto del título | su régimen legal / |
| Mención de responsabilidad, etc. | Carlos Juan Zavala Rodríguez |
| 260 ## - PUBLICACIÓN, DISTRIBUCIÓN, ETC. | |
| Lugar de publicación, distribución, etc. | Buenos Aires : |
| Nombre del editor, distribuidor, etc. | Depalma, |
| Fecha de publicación, distribución, etc. | 1947 |
| Fabricante | (Tall. Gráf. Cía. Impresora Argentina) |
| 300 ## - DESCRIPCIÓN FÍSICA | |
| Extensión | XXXV, 681 páginas : |
| Otras características físicas | 24 cm |
| 650 #7 - PUNTO DE ACCESO ADICIONAL DE MATERIA--TÉRMINO DE MATERIA | |
| Término de materia o nombre geográfico como elemento de entrada | Derecho de la publicidad |
| 9 (RLIN) | 172582 |
| Fuente del encabezamiento o término | embne |
| 852 4# - LOCALIZACIÓN | |
| Ubicación | ES-MaACL |
| Sublocalización o colección | R.25476 |
| Ubicación en estantería | Sala Palomar |
| Número de control de estantería | C-5304 |
| 942 ## - ELEMENTOS DE ENTRADA SECUNDARIOS (KOHA) | |
| Fuente del sistema de clasificación o colocación | Clasificación decimal universal |
| Tipo de ítem Koha | Libro impreso |
| Suprimir en OPAC | No |
| Estatus retirado | Estado de pérdida | Estado de daño | No para préstamo | Biblioteca de origen | Biblioteca actual | Ubicación en estantería | Fecha de adquisición | Fuente de adquisición | Total de préstamos | Signatura topográfica completa | Código de barras | Visto por última vez | Precio de reemplazo | Tipo de ítem Koha |
|---|---|---|---|---|---|---|---|---|---|---|---|---|---|---|
| Biblioteca del Ateneo de Madrid | Biblioteca del Ateneo de Madrid | Sala Palomar | 17/01/2008 | C-5304 | 1135615 | 23/02/2023 | 23/02/2023 | Libro impreso |
